Environmental Aspect of Investment in Solar System in Example of Business Providing Public Services. Case From Slovak Republic
Environmentálne investície v malej firme do solárnych systémov. Prípadová štúdia malého podniku prevádzkujúceho solárny systém počas poskytovanie verejných služieb. Národné politiky deklarované štátnymi orgánmi v Slovenskej republike a v Európskej únii s tendenciou znižovať emisie CO2.
Salvato in:
| Autore principale: | |
|---|---|
| Natura: | Capitolo di libro |
| Lingua: | inglese |
| Soggetti: | |
| Tags: |
Nessun Tag, puoi essere il primo ad aggiungerne!!
|
MARC
| LEADER | 00000naa$a2200000$$$4500 | ||
|---|---|---|---|
| 001 | 0283818 | ||
| 005 | 20240502074409.1 | ||
| 041 | 0 | |a eng | |
| 044 | |a SK | ||
| 245 | 1 | 0 | |a Environmental Aspect of Investment in Solar System in Example of Business Providing Public Services. Case From Slovak Republic |c Jakub Sieber |
| 520 | |a Environmentálne investície v malej firme do solárnych systémov. Prípadová štúdia malého podniku prevádzkujúceho solárny systém počas poskytovanie verejných služieb. Národné politiky deklarované štátnymi orgánmi v Slovenskej republike a v Európskej únii s tendenciou znižovať emisie CO2. | ||
| 610 | 2 | 0 | |a energia slnečná |
| 610 | 2 | 0 | |a environmentalistika |
| 610 | 2 | 0 | |a emisie |
| 610 | 2 | 0 | |a podnik malý |
| 610 | 2 | 0 | |a podnikanie |
| 610 | 2 | 0 | |a služby verejné |
| 610 | 2 | 0 | |a Slovensko |
| 610 | 2 | 0 | |a Európska únia |
| 100 | 1 | |a Sieber, Jakub, 1992- | |